000
00301nam a22001097a 4500
020
_a
9788174821515
082
_a
658
_b
JAI/UP
100
_a
Jain,T.S
_9
931
245
_a
Upkar's Bank Probationary Officers Management Trainees Common Written Exam
260
_a
Agra- 2
_b
Upkar Prakashan
_c
2014
942
_c
REF
999
_c
14534
_d
14534